000 00429nam a2200181Ia 4500
001 20777
005 20260306172830.0
008 260306t2011||||xx |||||||||||||| ||spa||
041 _aESP
082 _a343.8
_bA85
100 _aAtaliba, Geraldo
_eAUT
245 0 _aHipótesis de incidencia tributaria
260 _c2011
300 _a277 páginas :
_c24 cm.
650 _aGEN
654 _aCDE
942 _cLIB
_dJUS
_fJUS
_2ddc
_n
999 _c20777
_d20777